000 00308nam a2200133Ia 4500
008 230917s9999||||xx |||||||||||||| ||und||
040 _e139067
_aMAIN
041 _aEnglish
082 _a822.33 S15K:S
100 _aKnight, W F Jackson
245 0 _aShakespeare tempest
300 _a332p p.
942 _cBK
999 _c190280
_d190280